000
00336 a2200169 4500
001
189566
020
_a
85-08-09052-8
040
_c
Magnum
100
_a
Feijo, Martin Cezar
240
1
0
_a
Antigo Egito
_l
por
245
1
0
_a
Antigo Egito
300
_a
40
362
0
_a
2006
440
1
_a
Ática
697
_a
HISTÓRIA
942
_c
BK
999
_c
189566
_d
189566